000 00782nam a2200277Ia 4500
001 F4827
003 IT-RoPAU
008 130308s9999 xx 000 0 und d
040 _aIT-RoPAU
040 _cIT-RoPAU
041 _aITALIANO
100 _aBergala Alain
100 _gCodice Aut. SPICS: 9309
245 _aNouvelle vague (La): quale rivoluzione?
245 _bDal Cinema al Cinema. La Nuova Critica e le Origini delle Nouvelles Vagues
250 _a1a ed.
260 _aANCONA
260 _bTranseuropa
260 _c1997 [1° Ed.:1997 - Ed.Ling.Originale:1997]
300 _a"4 p. (prefazione: no ; testo: 4 [pagine: 15-18])"
650 _aTEORICHE CINEMATOGRAFICHE
650 _eCodice materia Spics: 6805
942 _cBK
957 _71
999 _c82984
_d82984
999 _g1